Cosmological aspects of X-ray clusters of galaxies (Record no. 11912)

MARC details
000 -LEADER
fixed length control field 00601nam a2200193Ia 4500
003 - CONTROL NUMBER IDENTIFIER
control field IN-BaIIA
008 - FIXED-LENGTH DATA ELEMENTS--GENERAL INFORMATION
fixed length control field 211028s9999 xx 000 0 eng d
020 ## - INTERNATIONAL STANDARD BOOK NUMBER
International Standard Book Number 0-7923-3058-7
040 ## - CATALOGING SOURCE
Transcribing agency IIA Library
080 ## - UNIVERSAL DECIMAL CLASSIFICATION NUMBER
Universal Decimal Classification number 524.77(082.2)
Item number COS
245 #0 - TITLE STATEMENT
Title Cosmological aspects of X-ray clusters of galaxies
Statement of responsibility, etc. edited by Waltraut C. Seitter
260 ## - PUBLICATION, DISTRIBUTION, ETC.
Place of publication, distribution, etc. Dordrecht
Name of publisher, distributor, etc. Kluwer Academic
Date of publication, distribution, etc. 1994
300 ## - PHYSICAL DESCRIPTION
Extent [various pagings.]
650 ## - SUBJECT ADDED ENTRY--TOPICAL TERM
Topical term or geographic name entry element Cosmology
650 ## - SUBJECT ADDED ENTRY--TOPICAL TERM
Topical term or geographic name entry element Galaxies
9 (RLIN) 1286
650 ## - SUBJECT ADDED ENTRY--TOPICAL TERM
Topical term or geographic name entry element X-Ray clusters
9 (RLIN) 20720
700 ## - ADDED ENTRY--PERSONAL NAME
Personal name Seitter, Waltraut C., ed.
9 (RLIN) 20721
942 ## - ADDED ENTRY ELEMENTS (KOHA)
Koha item type Books
Holdings
Withdrawn status Lost status Damaged status Not for loan Home library Current library Shelving location Date acquired Source of acquisition Cost, normal purchase price Total Checkouts Full call number Barcode Date last seen Cost, replacement price Price effective from Koha item type Purchase Price
        IIA Library-Bangalore IIA Library-Bangalore General Stacks 24/10/1996 EDS 8202.60   524.77(082.2)/ COS 12828 05/11/2021 8202.60 24/10/1996 Books Rs. 8202.60

Powered by Koha